000 00690nam a2200217Ia 4500
003 GCL
008 140319s9999 xx 000 0 ara d
040 _aGCL /
_cGCL
082 0 4 _a812.009
_bر م
100 1 _aرمسيس عوض
245 1 0 _aماذا قالوا عن أهل الكهف /
_cرمسيس عوض
260 _aالقاهرة :
_bالهيئة المصرية العامة للكتاب ،
_c1986
300 _a205 ص ؛
_c24 سم
490 _a
650 0 4 _aالادب العربى
650 0 4 _aتوفيق الحكيم
650 0 4 _aالمسرحيات المصرية
650 0 4 _aتاريخ ونقد
650 0 4 _aالمسرحيات العربية
942 _2ddc
_cBK
999 _c30008
_d30008